LEADER 00678nas a2200169 i 4500 001 000000019824 003 CaOOAMICUS 005 20190129162652.0 008 180830n1916 it zx lf u0 z|ita u 040 $aSeMil$bita 245 10$aBiblioteca di filologia classica. 260 $aCatania :$bFrancesco Battiato,$c1916- 300 $av. ;$c21 cm. 774 0 $aPascal, Carlo <1866-1926>$tCredenze d'oltretomba nelle opere letterarie dell'antichità classica.$dCatania : Francesco Battiato, 1912.$w()26120 996 $6245$aBiblioteca di filologia classica$9(OLS)http://semarc/title/26091 996 $6260$aCatania :$bFrancesco Battiato$9(OLS)http://semarc/publisher/34754 LEADER 01328nam a2200277 i 4500 001 000000060844 003 CaOOAMICUS 005 20140606000000.0 008 140606s1988 it u000 u ita u 013 $a32016 020 $a88-7016-073-4 040 $aSeMil$bita 245 13$aIl sommario della Santa Scrittura e l'ordinario dei cristiani /$ca cura di Cesare Bianco ; con una introduzione di Johannes Trapman. 260 $aTorino :$bClaudiana,$ccopyr. 1988. 300 $a206 p., [8] p. di tav. :$bill. ;$c22 cm. 490 0 $aTesti della Riforma ;$v16 500 $aContiene : Indice dei passi biblici ; Nota bibliografica. - In mezzo al front : Otto illustrazioni fuori testo e due nel testo. 650 4$aTeologia protestante.$0(OLS)http://semarc/subject/720 700 1 $aTrapman, Johannes.$0(OLS)http://semarc/name/30930 700 1 $aBianco, Cesare.$0(OLS)http://semarc/name/30929 830 0$aTesti della Riforma ;$v16.$0(OLS)http://semarc/title/7077 850 $aSeMil 852 $aSeMil$W1$xVenegono$y1$m2K IV 92$j26997$B26997$CSeMilBibl$Z2$F27000 $81 996 $6020$a88-7016-073-4$9(OLS)http://semarc/number/37011 996 $6245$aIl sommario della Santa Scrittura e l'ordinario dei cristiani$9(OLS)http://semarc/title/95449 996 $6260$aTorino :$bClaudiana$9(OLS)http://semarc/publisher/29837 LEADER 00994nam a2200229 i 4500 001 000000240263 003 CaOOAMICUS 005 20150326000000.0 008 150326s1946 it u000 u ita u 013 $a219168 040 $aSeMil$bita 100 1 $aDell'Amore, Giordano.$0(OLS)http://semarc/name/13384 245 13$aIl finanziamento della produzione agraria /$cGiordano Dell'Amore Professore di Economia e politica agraria nell'Università cattolica del sacro Cuore. 250 $a2. ed. 260 $aMilano :$bVita e Pensiero,$cstampa 1946. 300 $aVI, 270 p. ;$c25 cm. 650 4$aAgraria.$0(OLS)http://semarc/subject/3001 650 4$aEconomia agraria - Sec. 20.$0(OLS)http://semarc/subject/38302 850 $aSeMil 852 $aSeMil$W1$xVenegono$y1$m3N III 87$j190609$B190609$CSeMilBibl$Z2$F201459 $81 996 $6245$aIl finanziamento della produzione agraria$9(OLS)http://semarc/title/341831 996 $6260$aMilano :$bVita e Pensiero$9(OLS)http://semarc/publisher/29642